[Event "Forni di Sopra Dolomiti 2018"]
[Site "Forni di Sopra"]
[Date "2018.06.14"]
[Round "7.7"]
[White "Rotstein, Arkadij"]
[Black "Di Benedetto, Edoardo"]
[Result "0-1"]
[WhiteElo "2490"]
[BlackElo "2288"]
[Annotator "TA"]
[PlyCount "108"]
[EventDate "2018.??.??"]
[EventType "swiss"]
[EventCountry "ITA"]
[SourceTitle "playchess.com"]
[Source "ChessBase"]
[SourceQuality "1"]

{[%evp 9,108,-22,-22,-39,-34,-33,-39,-31,-33,-25,-33,-33,-16,-28,-15,-27,-20,-41,-3,-7,-14,-31,-15,-36,-37,-40,-36,-31,-27,-26,-28,-17,0,0,0,-37,-39,-35,-21,-17,-7,-125,-143,-157,-157,-154,-166,-155,-156,-164,-156,-264,-214,-217,-216,-210,-184,-194,-182,-188,-182,-182,-182,-238,-222,-243,-214,-256,-243,-305,-308,-305,-281,-442,-439,-427,-411,-595,-580,-582,-587,-735,-733,-877,-610,-802,-863,-843,-789,-4134,-3010,-29975,-29976,-29977,-29979,-29978,-29979,-29979,-29977,-29952,-6099]} 1. c4 e6 2. Nf3 d5 3. b3 d4 4. Bb2 Nc6 5. e3 e5 $1 {LiveBook: 4 Partien} 6. a3 {A13: Reti-Eröffnung} (6. exd4 exd4 7. d3 Nf6 8. Be2 Be7 9. O-O O-O 10. Na3 Re8 11. Nc2 Bc5 {1-0 (42) Malakhov,V (2717)-Oparin,G (2526) Riga 2014}) 6... a5 7. exd4 exd4 8. d3 $146 {Schwarz steht etwas besser.} ({Vorgänger:} 8. Bd3 Qe7+ 9. Qe2 Bg4 10. Be4 Bxf3 11. Bxf3 Qxe2+ 12. Bxe2 {1-0 (44) Suba,M (2502)-Zoltek,T (2223) Calvia 2007}) 8... Nf6 9. Nbd2 Bc5 10. Be2 O-O 11. O-O Re8 12. Re1 h6 13. Bf1 Bf5 (13... Be6 {with more complications.} 14. Ne4 Nxe4 15. Rxe4 Qf6 16. Qd2 Red8) 14. Rxe8+ Qxe8 15. Qc2 Qe7 16. Re1 Qf8 17. Ne5 Re8 18. Ndf3 Nxe5 19. Rxe5 Rxe5 20. Nxe5 Qd6 21. Nf3 Bxa3 22. Bxa3 (22. Bxd4 {is more complex.} c6 23. Be2 Nd7 24. Qd1 Qe7 25. Be3) 22... Qxa3 23. Nxd4 Bd7 24. Nf3 Bg4 25. Nd2 (25. Ne5 $11) 25... Qa1 $36 {[%mdl 2048] Weiss steht unter starkem Druck.} 26. h3 Bd1 27. Qb1 Qxb1 28. Nxb1 Bxb3 {[%mdl 4096] Endspiel KLS-KLS} 29. Na3 Ne8 30. Be2 (30. d4 $17) 30... Nd6 31. g4 c5 32. Kf1 Ba4 33. Bf3 b5 34. cxb5 Bxb5 ({Viel schwächer ist} 34... Nxb5 35. Nc4 $17) 35. Ke2 g5 36. Kd2 (36. Ke3 $142) 36... Kg7 $19 37. Kc3 Ba6 38. Nb1 Nb5+ 39. Kb2 Nd4 40. Be4 Ne2 41. Nd2 (41. f3 {kämpft weiter.}) 41... Nf4 $1 {[%csl LRd3,LRh3]} 42. Kc3 Nxh3 43. Nb3 (43. f3 {ist wohl besser.} Nf2 44. Bf5) 43... Nxf2 44. Bf5 Bb7 45. Nxa5 Bf3 46. Nb3 Nxg4 47. Kd2 h5 {[%cal Bh6h5,Bh5h4][%mdl 32]} 48. Nxc5 h4 49. Bxg4 Bxg4 {KL-KS} 50. Ke3 f5 {[%cal Bf7f5,Bf5f4][%mdl 32] Schwarz setzt Matt.} 51. d4 f4+ 52. Kf2 Bf5 53. d5 g4 54. d6 Kf7 {Precision: Weiß = 50%, Schwarz = 84%.} 0-1

[Event "Forni di Sopra Dolomiti 2018"]
[Site "Forni di Sopra"]
[Date "2018.06.14"]
[Round "7.8"]
[White "Sgircea, Silvia-Raluca"]
[Black "Simonetto, Andrea"]
[Result "1-0"]
[WhiteElo "2204"]
[BlackElo "2267"]
[Annotator "TA"]
[PlyCount "109"]
[EventDate "2018.??.??"]
[EventType "swiss"]
[EventCountry "ITA"]
[SourceTitle "playchess.com"]
[Source "ChessBase"]
[SourceQuality "1"]

{[%evp 14,109,0,0,0,-7,-4,-48,-36,-32,0,-64,0,0,0,0,-6,-42,-18,-37,-41,-55,-41,-60,-20,-11,25,16,23,17,70,47,76,68,110,111,100,107,156,134,147,144,136,87,100,62,65,65,90,40,45,40,46,40,40,14,55,48,214,208,197,212,259,253,233,227,340,311,459,459,459,459,459,459,459,459,459,390,459,459,459,459,454,454,453,443,435,435,468,462,455,450,477,464,482,442,441,434]} 1. c4 Nf6 2. Nc3 e6 3. Nf3 d5 4. e3 Be7 5. b3 O-O 6. Bb2 c5 7. cxd5 Nxd5 8. Qc2 {LiveBook: 20 Games. A13: English Opening: 1...e6} b6 9. a3 (9. Nxd5 exd5 10. d4 Nc6 11. Be2 Be6 12. O-O Rc8 13. dxc5 bxc5 14. Rac1 Qb6 15. Rfd1 Rfd8 {1-0 (40) Karjakin,S (2763)-Kramnik,V (2800) Moscow 2018}) 9... Bb7 10. h4 {The position is equal.} h6 11. Be2 Nd7 $146 ({Predecessor:} 11... Nc6 12. g4 Ne5 13. Nxe5 Nxc3 14. Qxc3 Bxh1 15. O-O-O Bd5 {1-0 (28) Homa,S (2326)-Der Manuelian,H (2098) Philadelphia 2017}) 12. O-O-O (12. g4 $11) 12... Nxc3 (12... Rc8 $15) 13. dxc3 $11 {[#] Black must now prevent Bb5.} Qc7 14. c4 Bf6 15. Rhg1 Rad8 16. Bxf6 Nxf6 17. Nd2 $1 Qe5 18. Qb2 Qf5 19. f3 e5 20. g4 Qe6 21. g5 Nd7 (21... Nh7 $11) 22. Qc2 f5 {[#]} 23. gxf6 $1 Nxf6 24. Qg6 {[%csl Gg1][%cal Rg6g7]} Rf7 25. Qxh6 $1 Qf5 26. Qg5 Qxg5 27. hxg5 Ne8 28. Rdf1 Nd6 29. Rf2 Nf5 30. Nf1 g6 31. Rh2 (31. Rh1 {keeps more tension.} Kf8 32. Rfh2 Ke7 33. Rh7 Rd7 34. Kc2) 31... Rh7 32. Rxh7 Kxh7 33. Rh1+ Kg7 34. Rh3 a5 35. a4 e4 $2 ({Black should play} 35... Nd6 $14) 36. f4 $18 Bc8 37. Rh2 Rd6 38. Bd1 Rd8 39. Bc2 Bb7 (39... Re8 {was worth a try.} 40. Rd2 Kf7) 40. Rd2 Rd6 (40... Rb8 {was called for.} 41. Rd7+ Kf8) 41. Rxd6 Nxd6 {[%mdl 4096] Endgame KBN-KBN} 42. Kd2 Bc8 43. Ke2 Kf7 44. Kf2 Bd7 45. Ng3 Bf5 46. Ne2 {White is clearly winning.} Bd7 47. Nc3 Bc6 48. Bd1 Ne8 49. Bg4 Nd6 50. Ne2 Ke7 51. Ng3 Kf8 52. Kg2 Ke8 53. Kh3 Nf7 54. Kh4 Kf8 55. Be6 {Precision: White = 74%, Black = 25%.} 1-0

[Event "Forni di Sopra Dolomiti 2018"]
[Site "Forni di Sopra"]
[Date "2018.06.14"]
[Round "7.9"]
[White "Battistella, Stefano"]
[Black "Lazic, Miroljub"]
[Result "0-1"]
[WhiteElo "2054"]
[BlackElo "2506"]
[Annotator "TA"]
[PlyCount "96"]
[EventDate "2018.??.??"]
[EventType "swiss"]
[EventCountry "ITA"]
[SourceTitle "playchess.com"]
[Source "ChessBase"]
[SourceQuality "1"]

{[%evp 9,96,5,6,0,-7,0,0,-37,-20,-31,-25,-39,-11,-35,-18,-30,-6,-17,-4,0,-19,-31,-37,-97,-87,-103,-84,-97,-93,-92,-91,-177,-143,-150,-140,-174,-154,-262,-286,-249,-254,-246,-235,-382,-343,-382,-382,-321,-289,-289,-217,-225,-209,-220,-204,-213,-185,-180,-180,-180,-180,-180,-180,-185,-187,-192,-146,-175,-173,-591,-591,-583,-581,-549,-498,-1243,-726,-2104,-970,-4618,-4610,-29959,-29960,-29962,-29963,-29962,-29969,-29971,-29971]} 1. g3 d5 2. Nf3 g6 3. Bg2 Bg7 4. d3 e5 5. O-O Nc6 6. c3 {A07: Réti Opening: New York and Capablanca Systems} (6. Nc3 d4 7. Ne4 Nge7 8. c3 O-O 9. cxd4 exd4 10. Bd2 a5 11. Qc1 b6 12. Bg5 f6 13. Bh6 Be6 {½-½ (44) Karjakin,S (2773)-Nakamura,H (2792) Saint Louis 2017}) 6... a5 7. a4 h6 8. Qc2 {The position is equal.} Nge7 9. e4 Be6 10. Na3 O-O 11. Re1 g5 $146 ({Predecessor:} 11... Re8 12. Nb5 Qd7 13. b3 Rac8 {0-1 (44) Nyzhnyk,I (2610)-Ramirez,A (2550) Saint Louis 2017}) 12. Nb5 f5 (12... d4 {feels hotter.} 13. Nd2 Ng6 14. Nc4 Re8 15. Qe2 Qd7) 13. Bxg5 hxg5 14. Nxg5 Bf7 $1 15. Nxf7 Rxf7 16. exd5 (16. Qb3 $1 $15) 16... Nxd5 $17 17. Qb3 Nce7 {[%cal Bc6e7,Be7g6,Bg6f8,Bf8e6,Be6d4][%mdl 32]} 18. Na3 {[#]} c6 $1 19. Nc4 Ng6 20. h4 (20. Rad1 $17 {was called for.}) 20... Qc7 21. h5 Nf8 22. h6 {[#]} Bh8 $1 ({Inferior is} 22... Bxh6 23. Bxd5 (23. Nxe5 Rf6 $14) 23... cxd5 24. Nxe5 $14) 23. Bxd5 (23. Nd2 $17) 23... cxd5 $19 24. Nb6 Rd8 25. Nxd5 Qd6 26. c4 (26. Ne3 $142 f4 27. Nf5) 26... Ne6 ({Not} 26... Qxh6 27. Kg2 $19) 27. Kg2 Nd4 28. Qd1 Qxh6 29. Rh1 Qg6 30. Qh5 Qxh5 31. Rxh5 Bg7 32. Re1 Nc6 33. f4 Nb4 34. Nxb4 axb4 35. fxe5 Rxd3 36. e6 Re7 37. Re2 Rd6 38. Rxf5 Rdxe6 ({Don't do} 38... Rexe6 39. Rxe6 Rxe6 40. b3) 39. Rd2 $2 (39. Rxe6 {is tougher.} Rxe6 40. Rb5) 39... Re2+ 40. Rf2 Rxd2 41. Rxd2 {[%mdl 4096] Endgame KRB-KR} Re3 42. Rd7 (42. Kf1 $142 Rxg3 43. Rd8+ Kh7 44. Rd7) 42... Rb3 43. Rxb7 Rxb2+ 44. Kh3 b3 {[%cal Bb4b3,Bb3b2][%mdl 32]} 45. c5 Rb1 {Black mates.} 46. c6 b2 47. c7 Rc1 48. a5 {[#]} Rxc7 $1 {[%mdl 512] Precision: White = 25%, Black = 92%.} 0-1

[Event "Forni di Sopra Dolomiti 2018"]
[Site "Forni di Sopra"]
[Date "2018.06.14"]
[Round "7.10"]
[White "Ceschia, Ivano"]
[Black "Loiacono, Antonio"]
[Result "1/2-1/2"]
[WhiteElo "2325"]
[BlackElo "2197"]
[Annotator "NA"]
[PlyCount "73"]
[EventDate "2018.??.??"]
[EventType "swiss"]
[EventCountry "ITA"]
[SourceTitle "playchess.com"]
[Source "ChessBase"]
[SourceQuality "1"]
[TimeControl "40/5400+30:1800+30"]

1. e4 {[%emt 0:05:30]} e5 {[%emt 0:01:00]} 2. Nf3 {[%emt 0:00:00]} Nc6 {[%emt 0:00:00]} 3. d4 {[%emt 0:00:00]} exd4 {[%emt 0:00:00]} 4. Nxd4 {[%emt 0:00:30]} Nf6 {[%emt 0:00:00]} 5. Nxc6 {[%emt 0:00:00]} bxc6 {[%emt 0:00:00]} 6. Bd3 {[%emt 0:00:00]} d5 {[%emt 0:00:00]} 7. Qe2 {[%emt 0:01:30]} dxe4 {[%emt 0:00:00]} 8. Nc3 {[%emt 0:00:30]} Bb4 {[%emt 0:01:30]} 9. Bxe4 {[%emt 0:00:30]} Nxe4 {[%emt 0:00:30]} 10. Qxe4+ {[%emt 0:00:30]} Qe7 {[%emt 0:00:00]} 11. Qxe7+ {[%emt 0:02:30]} Kxe7 {[%emt 0:00:00]} 12. Bd2 {[%emt 0:03:30]} Bf5 {[%emt 0:04:30]} 13. O-O-O {[%emt 0:07:30]} Rhd8 {[%emt 0:07:30]} 14. Nd5+ {[%emt 0:02:30]} Rxd5 {[%emt 0:07:30]} 15. Bxb4+ {[%emt 0:00:00]} Ke8 {[%emt 0:06:30]} 16. Rhe1+ {[%emt 0:09:00]} Be6 {[%emt 0:00:30]} 17. Rxd5 {[%emt 0:01:30]} cxd5 {[%emt 0:00:00]} 18. g4 {[%emt 0:10:30]} g6 {[%emt 0:05:00]} 19. f4 {[%emt 0:02:30]} Kd7 {[%emt 0:03:30]} 20. f5 {[%emt 0:09:30]} gxf5 {[%emt 0:00:30]} 21. gxf5 {[%emt 0:00:00]} Bxf5 {[%emt 0:00:30]} 22. Re7+ {[%emt 0:00:00]} Kc6 {[%emt 0:00:30]} 23. Rxf7 {[%emt 0:00:30]} Bg6 {[%emt 0:00:30]} 24. Rg7 {[%emt 0:06:30]} Re8 {[%emt 0:02:30]} 25. Be7 {[%emt 0:13:30]} a5 {[%emt 0:03:30]} 26. a4 {[%emt 0:00:30]} d4 {[%emt 0:03:30]} 27. Kd2 {[%emt 0:00:30]} Rb8 {[%emt 0:01:30]} 28. Ba3 {[%emt 0:04:30]} d3 {[%emt 0:05:30]} 29. c3 {[%emt 0:14:19]} Rd8 {[%emt 0:01:30]} 30. b4 {[%emt 0:00:31]} axb4 {[%emt 0:00:30]} 31. cxb4 {[%emt 0:01:51]} Ra8 {[%emt 0:00:30]} 32. a5 {[%emt 0:03:03]} Re8 {[%emt 0:00:30]} 33. b5+ {[%emt 0:01:08]} Kxb5 {[%emt 0:00:30]} 34. Re7 {[%emt 0:00:10]} Rc8 {[%emt 0:03:30]} 35. h4 {[%emt 0:00:06]} c5 {[%emt 0:01:30]} 36. Re5 {[%emt 0:01:15]} Kxa5 {[%emt 0:14:30]} 37. Rxc5+ {[%emt 0:00:18]} 1/2-1/2

[Event "Forni di Sopra Dolomiti 2018"]
[Site "Forni di Sopra"]
[Date "2018.06.14"]
[Round "7.11"]
[White "Loiacono, Leonardo"]
[Black "Faglioni, Isacco"]
[Result "1-0"]
[WhiteElo "2313"]
[BlackElo "1925"]
[Annotator "NA"]
[PlyCount "61"]
[EventDate "2018.??.??"]
[EventType "swiss"]
[EventCountry "ITA"]
[SourceTitle "playchess.com"]
[Source "ChessBase"]
[SourceQuality "1"]
[TimeControl "40/5400+30:1800+30"]

1. d4 {[%emt 0:00:30]} Nf6 {[%emt 0:02:00]} 2. c4 {[%emt 0:00:00]} d6 {[%emt 0:00:30]} 3. Nc3 {[%emt 0:00:00]} Nbd7 {[%emt 0:00:30]} 4. e4 {[%emt 0:00:00]} e5 {[%emt 0:00:00]} 5. Nf3 {[%emt 0:00:00]} Be7 {[%emt 0:00:00]} 6. Be2 {[%emt 0:00:30]} O-O {[%emt 0:00:30]} 7. O-O {[%emt 0:00:30]} c6 {[%emt 0:00:00]} 8. Re1 {[%emt 0:00:30]} a6 {[%emt 0:03:00]} 9. Bf1 {[%emt 0:03:30]} h6 {[%emt 0:08:30]} 10. b3 {[%emt 0:05:30]} b5 {[%emt 0:04:30]} 11. cxb5 {[%emt 0:11:30]} cxb5 {[%emt 0:05:30]} 12. a4 {[%emt 0:05:30]} b4 {[%emt 0:01:30]} 13. Nd5 {[%emt 0:00:30]} Nxd5 {[%emt 0:01:30]} 14. exd5 {[%emt 0:00:00]} e4 {[%emt 0:01:30]} 15. Nd2 {[%emt 0:03:00]} f5 {[%emt 0:02:30]} 16. f3 {[%emt 0:01:30]} Bf6 {[%emt 0:16:30]} 17. Bb2 {[%emt 0:00:30]} Nc5 {[%emt 0:04:30]} 18. Qc2 {[%emt 0:05:30]} Nd3 {[%emt 0:03:30]} 19. Bxd3 {[%emt 0:00:30]} exd3 {[%emt 0:00:00]} 20. Qxd3 {[%emt 0:00:00]} Bb7 {[%emt 0:00:00]} 21. Kh1 {[%emt 0:00:00]} Bg5 {[%emt 0:02:30]} 22. Nc4 {[%emt 0:03:30]} Bxd5 {[%emt 0:00:30]} 23. Bc1 {[%emt 0:00:30]} f4 {[%emt 0:11:30]} 24. a5 {[%emt 0:02:30]} Bh4 {[%emt 0:04:30]} 25. Re2 {[%emt 0:01:30]} Bg3 {[%emt 0:00:30]} 26. Nb6 {[%emt 0:02:30]} Qh4 {[%emt 0:07:30]} 27. h3 {[%emt 0:00:30]} Qh5 {[%emt 0:03:05]} 28. Nxa8 {[%emt 0:01:30]} Rxa8 {[%emt 0:01:01]} 29. Bd2 {[%emt 0:00:30]} g5 {[%emt 0:01:29]} 30. Re7 {[%emt 0:01:30]} Bf7 {[%emt 0:02:23]} 31. Qf5 {[%emt 0:03:30]} 1-0

[Event "Forni di Sopra Dolomiti 2018"]
[Site "Forni di Sopra"]
[Date "2018.06.14"]
[Round "7.12"]
[White "Dappiano, Andrea"]
[Black "Dobboletta, Alex"]
[Result "1-0"]
[WhiteElo "2279"]
[BlackElo "2105"]
[Annotator "NA"]
[PlyCount "73"]
[EventDate "2018.??.??"]
[EventType "swiss"]
[EventCountry "ITA"]
[SourceTitle "playchess.com"]
[Source "ChessBase"]
[SourceQuality "1"]
[TimeControl "40/5400+30:1800+30"]

1. e4 {[%emt 0:00:30]} e6 {[%emt 0:06:00]} 2. Nf3 {[%emt 0:00:00]} d5 {[%emt 0:01:30]} 3. Nc3 {[%emt 0:00:00]} dxe4 {[%emt 0:02:30]} 4. Nxe4 {[%emt 0:00:00]} Nd7 {[%emt 0:00:00]} 5. d4 {[%emt 0:00:00]} Ngf6 {[%emt 0:00:00]} 6. Bd3 {[%emt 0:00:30]} Nxe4 {[%emt 0:00:30]} 7. Bxe4 {[%emt 0:00:00]} Nf6 {[%emt 0:00:00]} 8. Bg5 {[%emt 0:02:00]} Be7 {[%emt 0:02:00]} 9. Bxf6 {[%emt 0:00:00]} Bxf6 {[%emt 0:02:30]} 10. Qd3 {[%emt 0:01:00]} c5 {[%emt 0:04:30]} 11. Qb5+ {[%emt 0:07:30]} Bd7 {[%emt 0:06:30]} 12. Qxc5 {[%emt 0:00:30]} Be7 {[%emt 0:00:30]} 13. Qh5 {[%emt 0:06:30]} Qb6 {[%emt 0:06:30]} 14. O-O {[%emt 0:03:30]} g6 {[%emt 0:04:30]} 15. Qh6 {[%emt 0:04:30]} O-O-O {[%emt 0:00:30]} 16. Qe3 {[%emt 0:07:30]} f6 {[%emt 0:05:30]} 17. a4 {[%emt 0:07:30]} g5 {[%emt 0:03:30]} 18. a5 {[%emt 0:00:30]} Qc7 {[%emt 0:00:00]} 19. a6 {[%emt 0:04:30]} b6 {[%emt 0:00:00]} 20. c4 {[%emt 0:04:30]} g4 {[%emt 0:00:30]} 21. Nd2 {[%emt 0:03:30]} f5 {[%emt 0:02:30]} 22. Bb7+ {[%emt 0:01:30]} Kb8 {[%emt 0:00:30]} 23. Rfc1 {[%emt 0:09:30]} Bd6 {[%emt 0:04:30]} 24. g3 {[%emt 0:00:30]} e5 {[%emt 0:05:30]} 25. c5 {[%emt 0:09:30]} exd4 {[%emt 0:03:30]} 26. Qd3 {[%emt 0:00:00]} Be7 {[%emt 0:02:30]} 27. cxb6 {[%emt 0:01:00]} Qxb6 {[%emt 0:00:30]} 28. Nc4 {[%emt 0:00:30]} Qb5 {[%emt 0:02:30]} 29. Qd2 {[%emt 0:00:30]} Qc5 {[%emt 0:03:30]} 30. Qf4+ {[%emt 0:03:30]} Qc7 {[%emt 0:00:30]} 31. Ne5 {[%emt 0:02:30]} Qd6 {[%emt 0:00:30]} 32. Bc6 {[%emt 0:01:30]} Bxc6 {[%emt 0:05:30]} 33. Nxc6+ {[%emt 0:04:51]} Ka8 {[%emt 0:00:30]} 34. Nxd8 {[%emt 0:00:21]} Qxf4 {[%emt 0:00:00]} 35. Rc8+ {[%emt 0:00:15]} Qb8 {[%emt 0:02:00]} 36. Rxb8+ {[%emt 0:00:05]} Kxb8 {[%emt 0:00:00]} 37. Nc6+ {[%emt 0:00:07]} 1-0

[Event "Forni di Sopra Dolomiti 2018"]
[Site "Forni di Sopra"]
[Date "2018.06.15"]
[Round "8.1"]
[White "Bellia, Fabrizio"]
[Black "Santos Ruiz, Miguel"]
[Result "0-1"]
[WhiteElo "2428"]
[BlackElo "2527"]
[Annotator "TA"]
[PlyCount "90"]
[EventDate "2018.??.??"]
[EventType "swiss"]
[EventCountry "ITA"]
[SourceTitle "playchess.com"]
[Source "ChessBase"]
[SourceQuality "1"]

{[%evp 29,90,0,0,-25,-21,-20,-8,-54,-20,-24,-22,-23,-22,-24,0,-29,-29,-32,-27,-26,-28,-21,-31,-58,-48,-83,-83,-180,-183,-245,-252,-325,-323,-320,-311,-431,-347,-1255,-1239,-29991,-2470,-1361,-550,-537,-426,-408,-352,-529,-540,-513,-522,-516,-450,-862,-442,-448,-444,-569,-566,-895,-887,-716,-812]} 1. d4 Nf6 2. Nf3 d5 3. c4 e6 4. Nc3 c6 5. e3 Nbd7 6. Qc2 Bd6 7. b3 O-O 8. Be2 b6 9. O-O Bb7 10. Bb2 Qe7 11. Rad1 Rad8 12. Rfe1 Rfe8 13. Bf1 {D45: Semi-Slav: 5 e3} (13. e4 Nxe4 14. Nxe4 dxe4 15. Qxe4 Bb4 16. Rf1 Bd6 17. Rfe1 Bb4 18. Rf1 Bd6 19. Rfe1 Bb4 {½-½ (19) Radjabov,T (2748)-Carlsen,M (2843) Shamkir 2018}) 13... e5 14. dxe5 Nxe5 15. Nxe5 Bxe5 {LiveBook: 9 Games} 16. g3 dxc4 17. Bxc4 $146 ({Predecessor:} 17. bxc4 c5 18. Bg2 Bxg2 19. Kxg2 h5 20. Kg1 Qe6 {0-1 (42) Machlik,M (2060)-Travkina,A (2222) Moscow 2016}) 17... c5 18. Bf1 Bf3 19. Be2 Ba8 20. Rxd8 Rxd8 21. Rd1 Rxd1+ (21... Re8 {keeps more tension.} 22. Bb5 Rf8 23. Be2 b5 24. Bf1 Bxc3 25. Bxc3 Qb7) 22. Qxd1 {[#]} h5 $1 {[%mdl 512]} 23. Bf3 (23. Bxh5 Nxh5) 23... Bxf3 24. Qxf3 Qd7 {Strongly threatening ...Qd2.} 25. Qd1 Qf5 26. h4 b5 $36 {[%cal Bb6b5,Bb5c4,Bc4c3,Bc3c2][%mdl 2080] Black is more active.} 27. Kg2 Ne4 28. Qe1 (28. Nxe4 $17 {was the only chance.} Qxe4+ 29. f3 Qxe3 30. Bxe5 Qxe5 31. Qd8+ Kh7 32. Qd3+ g6 33. Qxb5) 28... c4 29. bxc4 (29. Kg1 {was called for.}) 29... bxc4 $19 30. Nd5 {[#] aiming for Ne7+.} Qd7 $1 {[%cal Rd7d5]} 31. Bxe5 {Threatens to win with Nc3.} Qxd5 32. Bd4 c3 33. Kg1 $2 (33. Qe2 Nd2+ 34. f3) 33... c2 34. Qa1 Qc4 (34... Qf5 $142 35. Be5 Qxf2+ 36. Kh1 Qd2 37. Bf4 Qd1+ 38. Qxd1 cxd1=Q+ 39. Kh2 Qe2+ 40. Kh1 Nd2 41. Be5 Nf3 42. Bf4 Qh2#) 35. Bb2 Qe2 (35... Nd2 $142 36. Kh2 Qe2) 36. Qf1 Qd1 {( -> ...Nd2)} 37. Kg2 Nd2 38. Qb5 (38. Qd3 {might work better.}) 38... Qf3+ {Black is clearly winning.} 39. Kg1 Ne4 40. Qf1 Kh7 41. Bc1 (41. Ba3 $142) 41... Kh8 42. Bb2 Kg8 43. Bc1 Nc3 44. Bb2 Qd1 45. Kg2 Qxf1+ {Precision: White = 22%, Black = 76%.} 0-1

[Event "Forni di Sopra Dolomiti 2018"]
[Site "Forni di Sopra"]
[Date "2018.06.15"]
[Round "8.2"]
[White "Stella, Andrea"]
[Black "Terao, Juliana Sayumi"]
[Result "1/2-1/2"]
[WhiteElo "2500"]
[BlackElo "2292"]
[Annotator "TA"]
[PlyCount "193"]
[EventDate "2018.??.??"]
[EventType "swiss"]
[EventCountry "ITA"]
[SourceTitle "playchess.com"]
[Source "ChessBase"]
[SourceQuality "1"]

{[%evp 15,193,12,1,8,27,28,24,24,17,17,32,33,29,19,7,23,20,4,31,0,85,91,95,93,92,96,95,68,90,29,8,16,58,67,120,123,127,126,127,41,59,49,223,219,196,145,119,118,118,118,118,118,118,118,119,118,118,112,123,119,123,123,125,112,140,140,140,140,143,143,147,147,147,140,147,140,140,140,140,140,140,119,140,145,140,120,174,140,168,168,168,168,298,280,316,207,169,167,156,112,452,414,535,526,478,387,399,119,119,112,140,119,119,108,108,108,108,108,112,112,112,112,112,112,112,112,112,108,108,108,108,108,108,108,108,0,108,108,108,108,112,108,108,108,112,82,112,112,112,108,112,112,112,112,112,112,112,112,112,112,112,112,112,89,89,89,89,89,89,89,89,43,43,8,36,8,29,0,36,0]} 1. d4 Nf6 2. c4 e6 3. Nc3 Bb4 4. Qc2 c5 5. dxc5 O-O 6. Nf3 Na6 7. g3 Nxc5 8. Bg2 b6 9. O-O {next Nb5 is good for White. E39: Nimzo-Indian: Classical: 4...c5 5 dxc5 0-0} Bb7 10. Nb5 Be4 11. Qd1 {White has an edge.} Nb7 12. a3 Be7 13. Bf4 Rc8 14. Rc1 a6 15. Nc3 Bxf3 16. Bxf3 Na5 {[#]} 17. Qd3 $146 d6 (17... Nxc4 $11 18. b3 Na5) 18. Ne4 Nxe4 19. Bxe4 g6 20. Rfd1 Qc7 21. c5 bxc5 22. Bxd6 (22. Qxa6 $16 Rfd8 23. b4) 22... Bxd6 $11 23. Qxd6 Qa7 24. e3 $36 {[%mdl 2048] White has good play.} Rfd8 (24... c4 $14) 25. Qxd8+ $16 Rxd8 26. Rxd8+ Kg7 27. b4 ({White should play} 27. Rc2 $16) 27... cxb4 28. axb4 Qb6 $2 {[#]} ({Better is} 28... Qe7 $14) 29. Rd7 $1 $18 {And now Rcc7 would win.} Qxb4 30. Bd3 (30. Rcc7 $18 Qf8 31. Bc2) 30... Nb3 31. Rcc7 Qf8 32. Bxa6 Nc5 33. Rxf7+ Qxf7 34. Rxf7+ Kxf7 $16 {[%mdl 4096] Endgame KB-KN} 35. Bc4 Kf6 36. Kg2 Nd7 37. Bd3 Nc5 38. Bc2 h6 39. Kf3 Nd7 40. Ke4 g5 41. Kd4 Ne5 42. Bd1 Nc6+ 43. Ke4 Ne7 44. Be2 Nf5 45. Bd3 Ne7 46. h3 Nc6 47. Be2 Ne7 48. Kf3 Nf5 49. Kg4 Ng7 50. Bd3 e5 (50... h5+ $16 51. Kf3 Ne8) 51. Bc2 Ke6 52. Kf3 Kf6 53. Ke4 Ne6 (53... Nf5 $142 54. Ba4 Ne7) 54. Kd5 $18 Nc7+ 55. Kc4 Ke6 56. Kc5 Na6+ 57. Kb5 Nc7+ $2 {[%mdl 8192] [#]} (57... Nb8 $16 {is more resistant.} 58. Kc5 Nd7+ 59. Kc6 Nb8+ 60. Kc5 Nd7+ 61. Kc4 Nf6) 58. Kc6 $1 {[%cal Rc6c7]} Na6 59. Bb3+ Ke7 60. Kd5 Kf6 61. Kc4 $2 (61. Bc4 $18 {and White stays clearly on top.} Nc7+ 62. Kd6 Ne8+ 63. Kd7) 61... Ke7 $16 62. Bd1 Ke6 63. Bg4+ Kd6 64. Kd3 {Hoping for Ke4.} Nc5+ 65. Ke2 e4 66. Bf5 Ke5 67. Bg6 Kf6 68. Be8 Ke5 69. Bc6 Kd6 70. Bb5 Ke5 71. Bc4 Nd7 72. Kd2 Nb6 73. Bb3 Nd7 74. Bc2 Kd5 75. Bb3+ Ke5 $1 76. Ke2 Nc5 77. Bc2 Nd7 78. Bb1 Nb6 79. Ba2 Na4 {Threatens to win with ...Nc3+.} 80. Kf1 (80. Bf7 {keeps more tension.} Kd6 81. Kf1 Nb6 82. Bg6 Ke5 83. Be8) 80... Nc5 81. Bc4 Nd7 82. Kg2 Kf5 83. Ba6 Nf6 84. Bb7 Ke5 85. Bc8 Kd5 86. h4 Ke5 87. Kh3 Kd6 88. Bb7 Ke5 89. hxg5 hxg5 90. Kg2 Ng4 91. Kf1 Nf6 92. Ke2 Kd6 93. f4 exf3+ 94. Bxf3 Ke5 95. Bc6 Kd6 96. Bf3 Ke5 97. Bc6 {Precision: White = 64%, Black = 63%.} 1/2-1/2

[Event "Forni di Sopra Dolomiti 2018"]
[Site "Forni di Sopra"]
[Date "2018.06.15"]
[Round "8.3"]
[White "Bryzgalin, Kirill"]
[Black "Beshukov, Sergei"]
[Result "1/2-1/2"]
[WhiteElo "2427"]
[BlackElo "2402"]
[Annotator "TA"]
[PlyCount "35"]
[EventDate "2018.??.??"]
[EventType "swiss"]
[EventCountry "ITA"]
[SourceTitle "playchess.com"]
[Source "ChessBase"]
[SourceQuality "1"]

{[%evp 16,17,0,0]} 1. c4 e5 2. Nc3 Nf6 3. g3 d5 4. cxd5 Nxd5 5. Bg2 Nb6 6. Nf3 Nc6 7. d3 Be7 8. O-O O-O 9. Be3 {LiveBook: 668 Games} {Predecessor:} Be6 $146 10. Rc1 Nd5 11. Nxd5 Bxd5 12. Qc2 Re8 13. a3 a5 14. Qa4 Bd6 15. Ng5 Bxg2 16. Qc4 Qe7 17. Kxg2 Nd4 18. Ne4 {½-½ (35) Anand,V (2760)-So,W (2778) Stavanger 2018} 1/2-1/2